000 00603nam a2200205Ia 4500
001 14814
003 GE_BSU
008 181216s||||||||xx |||||||||||||| ||und||
040 _cGE_BSU
080 _a514(075.8)
100 _aАргунов, Б.И.
245 _aПреобразования плоскости.
245 _bУчебное пособие для студ.-заочн. пед. ин-тов
260 _aМосква
260 _bПросвещение.
260 _c1976.
300 _a80стр.20см.
653 _aПреобразования плоскости.
942 _cBK
999 _c47937
_d47937